| 000 | 01321nam a2200193 a 4500 | ||
|---|---|---|---|
| 008 | 211123s2018 ||||||||||||||||| || u | ||
| 020 | _a9780128123515 | ||
| 050 | _aQP 517 Cel | ||
| 100 | _aPizzo, Salvatore V | ||
| 245 | 1 | 0 |
_aCell surface GRP78 a new paradigm in signal transduction biology _cEdited by Salvatore V. Pizzo |
| 260 |
_aOxford _bAcademic Press is an imprint of Elsevier _c2018 |
||
| 300 | _aviii, 132 pages: illustrations | ||
| 650 | _aCELLULAR SIGNAL TRANSDUCTION | ||
| 995 |
_aMEDICAL LIBRARY OPEN ACCESS _e905299 _FCBU-SCHOOL OF MEDICINE LIBRARY (Ndola) _I109.85 _jQP 517 Cel _M5 _UAVAILABLE _WJan 17, 2022 _y905299 _ZMedical Library Open Access Collection |
||
| 995 |
_aMAIN LIBRARY OPEN ACCESS _e751502 _FCBU-MAIN LIBRARY (Kitwe) _jQP 517 Cel _UAVAILABLE _WNov 25, 2021 _y751502 _ZMain Library Open Access Collection |
||
| 995 |
_aMEDICAL LIBRARY OPEN ACCESS _e905298 _FCBU-SCHOOL OF MEDICINE LIBRARY (Ndola) _I109.85 _jQP 517 Cel _M4 _UAVAILABLE _WJan 17, 2022 _y905298 _ZMedical Library Open Access Collection |
||
| 995 |
_aMAIN LIBRARY OPEN ACCESS _e751503 _FCBU-MAIN LIBRARY (Kitwe) _jQP 517 Cel _UAVAILABLE _WNov 25, 2021 _y751503 _ZMain Library Open Access Collection |
||
| 995 |
_aMAIN LIBRARY OPEN ACCESS _e751504 _FCBU-MAIN LIBRARY (Kitwe) _jQP 517 Cel _UAVAILABLE _WNov 25, 2021 _y751504 _ZMain Library Open Access Collection |
||
| 999 |
_c63969 _d63969 |
||